000 01776nam a22001697a 4500
999 _c62754
_d62754
005 20250207110441.0
008 250207s2017 ge ||||| |||| 00| 0 geo d
022 _a1987-9423
041 _ageo
245 _aმაჭახელი :
_bსამეცნიერო-პოპულარული და საზოგადოებრივი ჟურნალი : გამოდის ყოველწლიურად /
_cდამფუძნებელი ხელვაჩაურის მუნიციპალიტეტი; ბათუმის ნიკო ბერძენიშვილის სამეცნიერო-კვლევითი ინსტიტუტი ; შოთა რუსთაველის სახელმწიფო უნივერსიტეტის სამეცნიერო ცენტრის ნიკო ბერძენიშვილის ჰუმანიტარულ და სოციალურ მეცნიერებათა მიმართულება.
260 _aბათუმი,
_c2008-
300 _aV.
653 _aმაჭახელი
653 _aპერიოდიკა
710 _a ბათუმის ნიკო ბერძენიშვილის სამეცნიერო-კვლევითი ინსტიტუტი
_dშოთა რუსთაველის სახელმწიფო უნივერსიტეტის სამეცნიერო ცენტრის ნიკო ბერძენიშვილის ჰუმანიტარულ და სოციალურ მეცნიერებათა მიმართულება.
_924275
942 _2udc
_cCR